DISEÑO Y PLANIFICACIÓN DE EDIFICIO ESCOLAR ALDEA SANTO DOMINGO LAS CUEVAS, SISTEMA DE ABASTECIMIENTO DE AGUA ALDEA SALACUIM Y PROPUESTA DE MEJORAMIENTO DEL COFFEE TOUR ALDEA CHICOJ, COBÁN, ALTA VERAPAZ./ (Registro nro. 2094)

Detalles MARC
000 -LEADER
campo de control de longitud fija 03476nam a22003377a 4500
001 - NÚMERO DE CONTROL
campo de control TIC 0016
003 - IDENTIFICADOR DE NÚMERO DE CONTROL
campo de control gtcocun
005 - FECHA Y HORA DE LA ÚLTIMA TRANSACCIÓN
campo de control 20250923175238.0
006 - CÓDIGOS DE INFORMACIÓN DE LONGITUD FIJA--CARACTERÍSTICAS DEL MATERIAL ADICIONAL
campo de control de longitud fija a||||gr|||| 00| 0
007 - CAMPO FIJO DE DESCRIPCIÓN FÍSICA--INFORMACIÓN GENERAL
campo de control de longitud fija ta
008 - DATOS DE LONGITUD FIJA--INFORMACIÓN GENERAL
campo de control de longitud fija 250923b2022 gt ||||| m||| 00| 0 eng d
040 ## - FUENTE DE CATALOGACIÓN
Centro catalogador/agencia de origen gtcocun
Lengua de catalogación SPA
Centro/agencia transcriptor gtcocun
Normas de descripción RDA
041 ## - CÓDIGO DE IDIOMA
Código de lengua del texto/banda sonora o título independiente SPA TIC 0016
084 ## - OTRO NÚMERO DE CLASIFICACIÓN
Número de control del registro de autoridad o número normalizado TIC 0016
100 ## - ENTRADA PRINCIPAL--NOMBRE DE PERSONA
Nombre de persona Chacoj Laj, Cristian David
Término indicativo de función/relación Autor
245 ## - MENCIÓN DEL TÍTULO
Título DISEÑO Y PLANIFICACIÓN DE EDIFICIO ESCOLAR ALDEA SANTO DOMINGO LAS CUEVAS, SISTEMA DE ABASTECIMIENTO DE AGUA ALDEA SALACUIM Y PROPUESTA DE MEJORAMIENTO DEL COFFEE TOUR ALDEA CHICOJ, COBÁN, ALTA VERAPAZ./
Mención de responsabilidad, etc. Cristian David Chacoj Laj.
Medio Impreso
264 ## - PRODUCCIÓN, PUBLICACIÓN, DISTRIBUCIÓN, FABRICACIÓN Y COPYRIGHT
Producción, publicación, distribución, fabricación y copyright Cobán, Alta Verapaz:
Nombre del de productor, editor, distribuidor, fabricante Universidad de San Carlos de Guatemala, Centro Universitario del Norte, Ingeniería Civil.
Fecha de producción, publicación, distribución, fabricación o copyright Cobán, Alta Verapaz
300 ## - DESCRIPCIÓN FÍSICA
Extensión 241 p.:
Otras características físicas Ilustraciones, gráficas.
Dimensiones 28 cm;
300 ## - DESCRIPCIÓN FÍSICA
Dimensiones PDF
336 ## - TIPO DE CONTENIDO
Fuente rdacontenido
Término de tipo de contenido Texto
Código de tipo de contenido txt
337 ## - TIPO DE MEDIO
Fuente rdamedio
Nombre/término del tipo de medio Computadora
Código del tipo de medio n
338 ## - TIPO DE SOPORTE
Fuente rdasoporte
Nombre/término del tipo de soporte Código en línea
Código del tipo de soporte cr
502 ## - NOTA DE TESIS
identificador de la tesis TIC 0016
502 ## - NOTA DE TESIS
Nota de tesis Tesis de grado
Tipo de título Ingeniería Civil
Nombre de la institución que otorga el título Universidad de San Carlos de Guatemala, Centro Universitario del Norte, Ingeniería Civil
Año de obtención del título 2022
Identificador de la tesis TIC 0016
520 14 - RESUMEN, ETC.
Sumario, etc. El ejercicio Profesional Supervisado es una actividad práctica con una duración de ocho meses dentro del cual se realizan actividades de diagnóstico comunitarios, diseño y planificación de proyectos de infraestructura, además de asistencia técnica en donde el preprofesional aplica los conocimientos obtenidos durante su formación académica como estudiante de Ingeniería Civil. También se resalta que el alumno fue integrado a un programa denominado Ejercicio Profesional Supervisado Multidisciplinario y que ambos procesos se desarrollaron en la Municipalidad de Cobán, departamento de Alta Verapaz.<br/><br/>La primera etapa desarrollada fue el diagnóstico comunitario, donde se atendió a las aldeas Chicoj, Chicoj Raxquix, Santo Domingo las Cuevas y Salacuim que fueron sugeridas por la dependencia de Dirección Social de la Municipalidad. Para el diagnóstico se emplearon técnicas como la observación y la entrevista al Consejo Comunitario de Desarrollo<br/>COCODE, con lo cual se recopiló información importante para conocer el contexto y las condiciones de vida que cuentan las personas.<br/><br/>Se obtuvo la información procesada de la primera fase donde se decidió apoyar a 2<br/>comunidades con diseños de infraestructura, lo cual permitió iniciar con la segunda etapa, donde se elaboró el plan de trabajo y se establecieron los objetivos, justificación, la estructuración del marco teórico y cronograma de actividades para cumplir con la entrega de productos.<br/><br/>La última fase denominada ejecución, la cual consistió en el diseño y planificación de un edificio escolar de 2 niveles para la comunidad de Santo Domingo las Cuevas y el sistema de abastecimiento de agua para la comunidad de Salacuim, ambos del municipio de Cobán, cada uno cumplió con las normas de construcción y acueductos rurales respectivamente que rigen en el territorio nacional.
650 14 - PUNTO DE ACCESO ADICIONAL DE MATERIA--TÉRMINO DE MATERIA
Fuente del encabezamiento o término LEMB
Término de materia o nombre geográfico como elemento de entrada Cobán, Alta Verapaz.
Subdivisión general Ingeniería
-- Edificio
-- Escolar
-- Diagnóstico
-- Diseño
-- Planificación
700 ## - ENTRADA AGREGADA--NOMBRE PERSONAL
Nombre de persona Ing. Civil. Marlon Alexander Morán Castro
Término indicativo de función/relación Asesor
856 ## - LOCALIZACIÓN Y ACCESO ELECTRÓNICOS
Identificador Uniforme de Recurso <a href="https://drive.google.com/file/d/1KRDRmyS0jp3BPy1t9BemQwL_korFGXQj/view">https://drive.google.com/file/d/1KRDRmyS0jp3BPy1t9BemQwL_korFGXQj/view</a>
Texto de enlace PDF
Nota pública Un ejemplar en línea.
942 ## - ELEMENTOS DE ENTRADA SECUNDARIOS (KOHA)
Fuente de la clasificación o esquema de estantería Clasificación Decimal Dewey
Tipo de ítem Koha TESIS
Parte de la signatura que identifica el ejemplar (Parte del ítem) TIC 0016
Prefijo de la signatura Clasificación
Suprimir en OPAC No
-- TIC_0016_000000000000000
Existencias
Estatus retirado Estado de pérdida Fuente de la clasificación o esquema de estantería Estado de daño No para préstamo Colección Biblioteca de origen Biblioteca actual Ubicación en estantería Fecha de adquisición Número de inventario Total de préstamos Signatura topográfica completa Código de barras Visto por última vez Precio de reemplazo Tipo de ítem Koha
    Clasificación Decimal Dewey     tesis BIBLIOTECA- CUNOR -JOSÉ LUIS GONZALES ROSALES BIBLIOTECA- CUNOR -JOSÉ LUIS GONZALES ROSALES Colección tesis 16/09/2025 TIC 0016   TIC 0016 TIC 0016 16/09/2025 16/09/2025 TESIS